| 000 | 00000nas##2200000za#4500 |
|---|---|
| 001 | 9.504445 |
| 003 | CaOODSP |
| 005 | 20200325082521 |
| 007 | cr ||||||||||| |
| 008 | 150406c1996||||xxc|| m o||||f| |0eng|d |
| 022 | |a1209-6776 |
| 040 | |aCaOODSP|beng |
| 043 | |an-cn--- |
| 086 | 1 |aF1-23/6E-PDF |
| 110 | 1 |aCanada. |bDepartment of Finance. |
| 245 | 10|aBudget chart book |h[electronic resource] |
| 260 | |aOttawa - Ontario : |bFinance Canada |
| 310 | |aAnnual |
| 362 | 1 |a[1996]- |
| 775 | 08|tBudget ... sous forme graphique |w(CaOODSP)9.500864 |